Amerikaanse staten in willekeurige volgorde op een kaart - Statistieken

Algemene statistieken
  • Deze quiz is 1.281 keer genomen
  • De gemiddelde score is 32 van 50
Antwoorden op de kaart
Antwoorden kleurgecodeerd door een groen-rode schaal op de quizkaart volgens % correct hieronder.
 
Antwoordstatistieken
Staat % Correct
Alabama
75%
Alaska
73%
Arizona
72%
Arkansas
71%
Californië
71%
Hawaï
70%
Indiana
70%
Florida
69%
Colorado
68%
Connecticut
68%
Georgia
68%
Illinois
68%
Louisiana
68%
Maine
68%
Kentucky
67%
Montana
67%
New York
67%
Delaware
66%
Iowa
66%
Kansas
66%
Michigan
66%
Minnesota
66%
New Mexico
66%
Idaho
65%
Maryland
65%
Nebraska
65%
Nevada
65%
North Dakota
64%
Pennsylvania
64%
South Dakota
64%
Texas
64%
Mississippi
63%
Massachusetts
62%
Missouri
62%
New Jersey
62%
Oregon
62%
Tennessee
62%
Washington
62%
New Hampshire
61%
North Carolina
61%
Ohio
61%
Rhode Island
61%
Utah
60%
Virginia
60%
Oklahoma
59%
Vermont
59%
Wyoming
59%
South Carolina
58%
West Virginia
57%
Wisconsin
56%
Geen overeenkomende quizzen gevonden
Scoreverdeling
Procent van Mensen met Elke Score
Percentiel versus Aantal Correcte Antwoorden
Uw Scoregeschiedenis
U heeft deze quiz nog niet genomen